LEADER 00821nam a2200205 i 4500 001 000000041793 003 CaOOAMICUS 005 20090422000000.0 008 090422s1967 xx u000 u fre u 013 $a12963 040 $aSeMil$bita 100 1 $aLaurentin, René,$d<1917-2017>.$0(OLS)http://semarc/name/89095 245 12$aL'enjeu du Synode :$bsuite du Concile /$cRené Laurentin. 260 $aParis :$bÉditions du Seuil,$ccopyr. 1967. 300 $a171 p. ;$c21 cm. 650 4$aSinodo dei Vescovi <1 ; 1967>.$0(OLS)http://semarc/subject/8897 850 $aSeMil 852 $aSeMil$W1$xVenegono$y1$m2A I 175$j7948$B7948$CSeMilBibl$Z2$F7948 $81 996 $6245$aL'enjeu du Synode :$bsuite du Concile$9(OLS)http://semarc/title/60685 996 $6260$aParis :$bÉditions du Seuil$9(OLS)http://semarc/publisher/29806 LEADER 01060nam a2200253 i 4500 001 000000064054 003 CaOOAMICUS 005 20101126000000.0 008 101126s1987 it u000 u ita u 013 $a35226 040 $aSeMil$bita 100 1 $aSemenza, Elena.$0(OLS)http://semarc/name/17211 245 10$aDon Carlo Gnocchi :$bun uomo del suo tempo /$cE. Semenza, A. Colombo. 260 $aPavia :$bLogos International,$c1987. 300 $a319 p., [1] p. di tav. :$bill. ;$c25 cm. 500 $aCon dedica autografa degli autori. - Fondo Card. C.M. Martini. 600 14$aGnocchi, Carlo .$0(OLS)http://semarc/subject/2274 700 1 $aColombo, Aldo.$0(OLS)http://semarc/name/32222 850 $aSeMil 852 $aSeMil$W1$xVenegono$y1$m3J VI 244$j30207$B30207$CSeMilBibl$Z2$F30210 $81 941 1 $a4 961 $aOmaggio: Martini Card. Carlo Maria 996 $6245$aDon Carlo Gnocchi :$bun uomo del suo tempo$9(OLS)http://semarc/title/101294 996 $6260$aPavia :$bLogos International$9(OLS)http://semarc/publisher/42517